| 000 -LEADER |
| fixed length control field |
00431nam a2200157 4500 |
| 008 - FIXED-LENGTH DATA ELEMENTS--GENERAL INFORMATION |
| fixed length control field |
200908b ||||| |||| 00| 0 eng d |
| 020 ## - INTERNATIONAL STANDARD BOOK NUMBER |
| International Standard Book Number |
0070993874 |
| 082 00 - DEWEY DECIMAL CLASSIFICATION NUMBER |
| Classification number |
629.89 |
| Item number |
K791 |
| 100 ## - MAIN ENTRY--PERSONAL NAME |
| 9 (RLIN) |
3936 |
| Personal name |
Kohavi, Zvi |
| 245 10 - TITLE STATEMENT |
| Title |
Switching and finite automate theory / |
| 250 ## - EDITION STATEMENT |
| Edition statement |
2nd ed. |
| 260 ## - PUBLICATION, DISTRIBUTION, ETC. (IMPRINT) |
| Place of publication, distribution, etc |
New Delhi: |
| Name of publisher, distributor, etc |
Tata McGraw-Hill, |
| Date of publication, distribution, etc |
1978. |
| 300 ## - PHYSICAL DESCRIPTION |
| Extent |
xiii, 658 p. |
| 650 #0 - SUBJECT ADDED ENTRY--TOPICAL TERM |
| Topical term or geographic name as entry element |
Switching theory |
| 942 ## - ADDED ENTRY ELEMENTS (KOHA) |
| Source of classification or shelving scheme |
|
| Item type |
Books |